En el Pueblo de Tiripetío, en la provincia de Michoacán (Record no. 36185)
[ view plain ]
| 000 -LEADER | |
|---|---|
| fixed length control field | 00988nam a22002297a 4500 |
| 005 - DATE AND TIME OF LATEST TRANSACTION | |
| control field | 20250908113316.0 |
| 008 - FIXED-LENGTH DATA ELEMENTS--GENERAL INFORMATION | |
| fixed length control field | 130114t mx ||||| |||| 00| 0 spa d |
| 020 ## - INTERNATIONAL STANDARD BOOK NUMBER | |
| International Standard Book Number | 9707033452 |
| 050 04 - LIBRARY OF CONGRESS CALL NUMBER | |
| Classification number | F1306 .9 .T57 |
| Item number | C47 2005 |
| 050 04 - LIBRARY OF CONGRESS CALL NUMBER | |
| Classification number | F1391.T37 |
| Item number | C47 2005 |
| 050 04 - LIBRARY OF CONGRESS CALL NUMBER | |
| Classification number | F1391.T552 |
| Item number | C47 2005 |
| 100 1# - MAIN ENTRY--PERSONAL NAME | |
| Personal name | Cerda Farías, Igor. |
| 245 13 - TITLE STATEMENT | |
| Title | En el Pueblo de Tiripetío, en la provincia de Michoacán |
| Remainder of title | : la edad dorada... el siglo XVI |
| Statement of responsibility, etc | / Igor Cerda Farías. |
| 250 ## - EDITION STATEMENT | |
| Edition statement | 2a ed. |
| 260 ## - PUBLICATION, DISTRIBUTION, ETC. (IMPRINT) | |
| Place of publication, distribution, etc | Morelia, México : |
| Name of publisher, distributor, etc | Universidad Michoacana de San Nicolás de Hidalgo, Secretaría de Difusión Cultural y Extensión Universitaria, |
| Date of publication, distribution, etc | 2005. |
| 300 ## - PHYSICAL DESCRIPTION | |
| Extent | 100 p. : |
| Other physical details | il. ; |
| Dimensions | 21 cm. |
| 504 ## - BIBLIOGRAPHY, ETC. NOTE | |
| Bibliography, etc | Incluye bibliografía. |
| 650 #7 - SUBJECT ADDED ENTRY--TOPICAL TERM | |
| Source of heading or term | lemb |
| Topical term or geographic name as entry element | Indígenas de México |
| Geographic subdivision | Tiripetío (Michoacán de Ocampo) |
| 650 #7 - SUBJECT ADDED ENTRY--TOPICAL TERM | |
| Source of heading or term | lemb |
| Topical term or geographic name as entry element | Agustinos en México |
| General subdivision | Misiones |
| Chronological subdivision | Siglo XVI |
| Geographic subdivision | Tiripetío (Michoacán de Ocampo) |
| 651 #4 - SUBJECT ADDED ENTRY--GEOGRAPHIC NAME | |
| Geographic name | Tiripetío (Michoacán de Ocampo) |
| General subdivision | Historia |
| Chronological subdivision | Siglo XVI |
| Geographic subdivision | México |
| 942 ## - ADDED ENTRY ELEMENTS (KOHA) | |
| Source of classification or shelving scheme | Biblioteca del Cogreso de los Estados Unidos |
| Koha item type | Libro |
| Estado de pérdida | Fuente de clasificación | Estado del daño | No para préstamo | Ubicación permanente | Ubicación actual | Apartado o colección | Fecha de adquisición | Edición | Dependencia de educación superior (DES) | Área del conocimiento | Clasificación | Código de Barras | Date last seen | Número de copia | Costo por reposición | Tipo de recurso | Fuente de adquisición | Total Checkouts | Nota pública |
|---|---|---|---|---|---|---|---|---|---|---|---|---|---|---|---|---|---|---|---|
| Biblioteca del Cogreso de los Estados Unidos | Biblioteca de la Facultad de Arquitectura | Biblioteca de la Facultad de Arquitectura | General | 08/09/2025 | 2a ed. | Ciencias Sociales y Administrativas | F1391.T552 C47 2005 | BFA000006153 | 08/09/2025 | 1 | 1.00 | Libro | Donación | POSGRADO | |||||
| Biblioteca del Cogreso de los Estados Unidos | Biblioteca de la Facultad de Arquitectura | Biblioteca de la Facultad de Arquitectura | General | 08/09/2025 | 2a ed. | Ciencias Sociales y Administrativas | F1391.T552 C47 2005 | BFA000006154 | 08/09/2025 | 2 | 1.00 | Libro | Donación | POSGRADO | |||||
| Biblioteca del Cogreso de los Estados Unidos | Biblioteca de la Preparatoria Ing. Pascual Ortiz Rubio | Biblioteca de la Preparatoria Ing. Pascual Ortiz Rubio | General | 17/04/2018 | Ciencias Sociales y Administrativas | F1391.T37 C47 2005 | PPO000006996 | 17/04/2018 | 1 | Libro | |||||||||
| Biblioteca del Cogreso de los Estados Unidos | Biblioteca de la Preparatoria Ing. Pascual Ortiz Rubio | Biblioteca de la Preparatoria Ing. Pascual Ortiz Rubio | General | 17/04/2018 | Ciencias Sociales y Administrativas | F1391.T37 C47 2005 | PPO000006997 | 17/04/2018 | 2 | Libro | |||||||||
| Biblioteca del Cogreso de los Estados Unidos | Biblioteca del Instituto de Investigaciones Históricas | Biblioteca del Instituto de Investigaciones Históricas | Fondo Michoacán | 14/01/2013 | 1a ed. | Humanidades | Ciencias Sociales y Administrativas | F1306 .9 .T57 C47 2005 | IIH000009520 | 14/01/2013 | C:1 | 1.00 | Libro |